[Event "BCF-chT4 2223 (4NCL)"]
[Site "England"]
[Date "2022.11.06"]
[Round "2.134"]
[White "Evans, Joseph"]
[Black "Sanfey, Peter"]
[Result "0-1"]
[WhiteElo "1168"]
[BlackElo "1423"]
[PlyCount "58"]
[EventDate "2022.11.05"]
[EventType "team-swiss"]
[EventRounds "11"]
[EventCountry "ENG"]
[SourceTitle "EXT 2024"]
[Source "ChessBase"]
[SourceDate "2023.10.10"]
[SourceVersion "1"]
[SourceVersionDate "2023.10.10"]
[SourceQuality "1"]
[WhiteTeam "Cambridge University II"]
[BlackTeam "Barnet Knights IV"]
[WhiteTeamCountry "ENG"]
[BlackTeamCountry "ENG"]

1. c4 e5 2. g3 Nc6 3. Bg2 Nf6 4. e3 d5 5. cxd5 Nxd5 6. Nc3 Nxc3 7. bxc3 Bc5 8. Ne2 0-0 9. 0-0 Re8 10. Bb2 Ne7 11. d4 Bd6 12. dxe5 Bxe5 13. f4 Bd6 14. Qd4 c5 15. Qd2 Kf8 16. Rad1 Nf5 17. e4 Qe7 18. Rfe1 Ne3 19. Qxe3 c4 20. Qd2 Bc5+ 21. Nd4 Bg4 22. Kh1 Bxd1 23. Qxd1 Bxd4 24. cxd4 Qb4 25. Re2 c3 26. Qe1 Rac8 27. Rc2 Qxb2 28. Rxb2 cxb2 29. Qb1 Rc1+ 0-1

[Event "BCF-chT4S 1920 (4NCL)"]
[Site "England"]
[Date "2019.11.10"]
[Round "2.141"]
[White "Jones, Robert L"]
[Black "Sanfey, Peter"]
[Result "1-0"]
[WhiteElo "1766"]
[BlackElo "1485"]
[PlyCount "53"]
[EventDate "2019.11.09"]
[EventType "team-swiss"]
[EventRounds "11"]
[EventCountry "ENG"]
[SourceTitle "EXT 2022"]
[Source "ChessBase"]
[SourceDate "2021.10.06"]
[SourceVersion "1"]
[SourceVersionDate "2021.10.06"]
[SourceQuality "1"]
[WhiteTeam "Iceni III"]
[BlackTeam "Barnet Knights IV"]
[WhiteTeamCountry "ENG"]
[BlackTeamCountry "ENG"]

1. e4 e5 2. Nf3 Nc6 3. d4 d6 4. dxe5 Be6 5. exd6 Bxd6 6. Bb5 a6 7. Bxc6+ bxc6 8. e5 Bb4+ 9. Bd2 Qe7 10. a3 Bxd2+ 11. Nbxd2 Rd8 12. Qe2 a5 13. 0-0-0 Qc5 14. Ne4 Rxd1+ 15. Rxd1 Qb6 16. Qd2 Qb8 17. Qg5 g6 18. Nf6+ Nxf6 19. exf6 h6 20. Qd2 a4 21. Qa5 g5 22. Qc5 Qd8 23. Rxd8+ Kxd8 24. Qxc6 Re8 25. Qxa4 Bf5 26. Qa8+ Kd7 27. Qd5+ 1-0

[Event "BCF-chT4S 1819 (4NCL)"]
[Site "England"]
[Date "2019.05.06"]
[Round "11.153"]
[White "Sanfey, Peter"]
[Black "Homer, Neil S"]
[Result "0-1"]
[WhiteElo "1450"]
[BlackElo "1692"]
[PlyCount "62"]
[EventDate "2018.11.17"]
[EventType "team-swiss"]
[EventRounds "11"]
[EventCountry "ENG"]
[SourceTitle "EXT 2021"]
[Source "ChessBase"]
[SourceDate "2020.10.23"]
[SourceVersion "1"]
[SourceVersionDate "2020.10.23"]
[SourceQuality "1"]
[WhiteTeam "Barnet Knights III"]
[BlackTeam "The Pitstop"]
[WhiteTeamCountry "ENG"]
[BlackTeamCountry "ENG"]

1. e4 c6 2. Nf3 d5 3. exd5 cxd5 4. d4 Nc6 5. c3 Nf6 6. Bd3 Bg4 7. h3 Bh5 8. Nbd2 e6 9. 0-0 Bd6 10. Bb5 0-0 11. c4 Nxd4 12. Re1 Nxb5 13. cxb5 Qb6 14. Qe2 Rac8 15. Kf1 Rc2 16. Qd3 Bg6 17. Qb3 Rfc8 18. a4 Qc5 19. a5 Bh5 20. a6 b6 21. Qe3 Qxb5+ 22. Kg1 Bxf3 23. Qxf3 Qb4 24. Qd3 Ne4 25. Rd1 Bf4 26. Nb3 Nxf2 27. Qf1 Nxd1 28. Bxf4 Qxb3 29. Rxd1 Qxb2 30. Kh2 Rf2 31. Qg1 Rxf4 0-1